Introduction to homeland security : principles of all-hazards risk management (Record no. 85833)

MARC details
000 -LEADER
fixed length control field 00944 a2200277 4500
003 - CONTROL NUMBER IDENTIFIER
control field CBULib
005 - DATE AND TIME OF LATEST TRANSACTION
control field 20241210114959.0
008 - FIXED-LENGTH DATA ELEMENTS--GENERAL INFORMATION
fixed length control field 241210b |||||||| |||| 00| 0 eng d
020 ## - INTERNATIONAL STANDARD BOOK NUMBER
International Standard Book Number 9780128171370
040 ## - CATALOGING SOURCE
Language of cataloging English
Transcribing agency CBULib
Description conventions rda
041 ## - LANGUAGE CODE
Language code of text/sound track or separate title eng
050 ## - LIBRARY OF CONGRESS CALL NUMBER
Classification number BS 2455 Bul
100 ## - MAIN ENTRY--PERSONAL NAME
Personal name Bullock, Jane A.
245 ## - TITLE STATEMENT
Title Introduction to homeland security : principles of all-hazards risk management
Statement of responsibility, etc / by Jane A. Bullock; George D. Haddow and Damon P. Coppola
250 ## - EDITION STATEMENT
Edition statement Sixth edition
260 ## - PUBLICATION, DISTRIBUTION, ETC. (IMPRINT)
Name of publisher, distributor, etc Elsevier,
Date of publication, distribution, etc 2021
Place of publication, distribution, etc Oxford :
300 ## - PHYSICAL DESCRIPTION
Extent xxii, 857 pages : illustrations
336 ## - CONTENT TYPE
Source rdacontent
Content type term Text |
Content type code txt
337 ## - MEDIA TYPE
Source rdamedia
Media type term Unmediated |
Media type code n
338 ## - CARRIER TYPE
Source rdacarrier
Carrier type term Volume
Carrier type code nc
650 #0 - SUBJECT ADDED ENTRY--TOPICAL TERM
9 (RLIN) 4151
Topical term or geographic name as entry element TERRORISM - PREVENTION - GOVERMENT POLICY - UNITED STATES
650 #0 - SUBJECT ADDED ENTRY--TOPICAL TERM
9 (RLIN) 4152
Topical term or geographic name as entry element NATIONAL SECURITY - UNITED STATES
700 ## - ADDED ENTRY--PERSONAL NAME
9 (RLIN) 4153
Personal name Haddow, George D.
700 ## - ADDED ENTRY--PERSONAL NAME
9 (RLIN) 3662
Personal name Coppola, Damon P
942 ## - ADDED ENTRY ELEMENTS (KOHA)
Source of classification or shelving scheme
Koha item type MONOGRAPH
Holdings
Withdrawn status Lost status Source of classification or shelving scheme Damaged status Not for loan Collection code Permanent Location Current Location Shelving location Date acquired Cost, normal purchase price Total Checkouts Full call number Barcode Date last seen Copy number Price effective from Koha item type
          CBU-Lusaka Campus CBU- LUSAKA CAMPUS CBU-MAIN LIBRARY, KITWE. General Stacks 12/10/2024 63.00   HV 6432 Bul 753179 12/10/2024 1 12/10/2024 MONOGRAPH
          CBU-Lusaka Campus CBU- LUSAKA CAMPUS CBU-MAIN LIBRARY, KITWE. General Stacks 12/10/2024 63.00   HV 6432 Bul 753178 12/10/2024 2 12/10/2024 MONOGRAPH